[Event "Cracovia 2008 op A"]
[Site "Krakow"]
[Date "2008.12.31"]
[Round "6.42"]
[White "Jakubiec, Edyta"]
[Black "Musialkiewicz, Jan"]
[Result "1-0"]
[WhiteElo "2214"]
[BlackElo "2117"]
[PlyCount "81"]
[EventDate "2008.??.??"]

1. e4 c5 2. Nf3 e6 3. d4 cxd4 4. Nxd4 Nc6 5. Nb5 d6 6. Bf4 e5 7. Be3 a6 8. N5c3
Nf6 9. Bg5 Be7 10. Nd2 Be6 11. Nc4 Nd4 12. Bxf6 Bxf6 13. Ne3 Rc8 14. Bd3 O-O
15. O-O Bg5 16. Ncd5 g6 17. c3 Bxd5 18. Nxd5 Ne6 19. Qb3 Kh8 20. Rad1 b5 21.
Qc2 Nc7 22. Be2 Nxd5 23. Rxd5 Rc5 24. Rd3 Be7 25. Rfd1 Qa5 26. Qb1 Qb6 27. Rf3
Qc6 28. Rh3 d5 29. Qc1 Rg8 30. b4 Rc4 31. exd5 Qc7 32. Bxc4 Qxc4 33. d6 Bd8 34.
Qe3 Qxa2 35. Qxe5+ f6 36. Qd5 Qc2 37. Qd3 Qa2 38. Qd2 Qb3 39. d7 Bb6 40. Qd6
Bd8 41. Re3 1-0

[Event "Cracovia 2008 op A"]
[Site "Krakow"]
[Date "2008.12.31"]
[Round "6.43"]
[White "Hansen, Victor"]
[Black "Slabek, Grzegorz"]
[Result "0-1"]
[WhiteElo "2112"]
[BlackElo "2192"]
[PlyCount "72"]
[EventDate "2008.??.??"]

1. e4 d5 2. exd5 Nf6 3. Nf3 Nxd5 4. Bc4 Bg4 5. O-O e6 6. d4 Be7 7. c3 O-O 8.
Nbd2 Nd7 9. Ne4 c5 10. h3 Bh5 11. dxc5 Nxc5 12. Ng3 Bg6 13. Ne5 Nb6 14. Nxg6
hxg6 15. Be2 Qc7 16. Bf3 Rad8 17. Qe2 Nd3 18. Be3 Nc4 19. Bd4 Nf4 20. Qc2 e5
21. Be3 Nxe3 22. fxe3 Bc5 23. Kh2 Bxe3 24. Qe4 Bc5 25. b4 Bb6 26. Rac1 f5 27.
Qxb7 e4 28. Qxc7 Bxc7 29. Bd1 Rd2 30. Bb3+ Kh7 31. Kh1 Nd3 32. Nxe4 fxe4 33.
Rxf8 Nxc1 34. Bg8+ Kh6 35. Bc4 Rd1+ 36. Bf1 Bg3 0-1

[Event "Cracovia 2008 op A"]
[Site "Krakow"]
[Date "2008.12.31"]
[Round "6.44"]
[White "Baumann, Dariusz"]
[Black "Marzano, Carlo"]
[Result "1-0"]
[WhiteElo "2074"]
[BlackElo "2188"]
[PlyCount "101"]
[EventDate "2008.??.??"]

1. e4 Nc6 2. Nf3 d6 3. d4 Nf6 4. Nc3 Bg4 5. d5 Nb8 6. h3 Bxf3 7. Qxf3 g6 8. Be3
Bg7 9. O-O-O Nbd7 10. g4 h5 11. gxh5 Nxh5 12. Bd4 Bxd4 13. Rxd4 c6 14. Qe3 Qb6
15. Be2 Ne5 16. Rhd1 Nd7 17. f4 Ng7 18. Bg4 c5 19. R4d2 O-O-O 20. e5 Nf5 21.
Qe1 Nd4 22. Ne4 Kb8 23. c3 Nb5 24. Ng5 c4 25. Bxd7 Rxd7 26. e6 fxe6 27. Qxe6
Rc7 28. Qxg6 Qa5 29. Kb1 Qb6 30. Ka1 Qe3 31. Qc2 Rcc8 32. a4 Nc7 33. Rd4 Na6
34. Ka2 Rc5 35. Qe4 Qxe4 36. Rxe4 Ra5 37. Rxe7 Nc5 38. Rde1 Nxa4 39. Re8+ Kc7
40. R1e7+ Kb6 41. Kb1 Nc5 42. b4 cxb3 43. Rxh8 Ra2 44. Rb8 Rg2 45. Ne4 Rg1+ 46.
Kb2 Rg2+ 47. Kc1 Rg1+ 48. Kd2 b2 49. Nxc5 Rg2+ 50. Ke3 Kxc5 51. Rexb7 1-0

[Event "Cracovia 2008 op A"]
[Site "Krakow"]
[Date "2008.12.31"]
[Round "6.45"]
[White "Dragun, Kamil"]
[Black "Vasylius, Kestutis"]
[Result "1-0"]
[WhiteElo "2174"]
[BlackElo "2105"]
[PlyCount "123"]
[EventDate "2008.??.??"]

1. e4 c5 2. Nf3 d6 3. d4 cxd4 4. Nxd4 Nf6 5. Nc3 a6 6. Bg5 e6 7. f4 Nbd7 8. Qf3
Be7 9. Bc4 Nb6 10. Bb3 Qc7 11. O-O-O Nc4 12. f5 Na5 13. Ba4+ Kf8 14. fxe6 fxe6
15. Bb3 Nxb3+ 16. Nxb3 h6 17. Bxf6 Bxf6 18. e5 dxe5 19. Ne4 Ke7 20. Nbc5 Rf8
21. Qa3 Kf7 22. Rhf1 Kg8 23. Nxf6+ gxf6 24. Rf3 Qe7 25. Rfd3 f5 26. Rd6 e4 27.
Kb1 b6 28. Rxb6 Rd8 29. Qg3+ Kf7 30. Rxd8 Qxd8 31. Rd6 Qg5 32. Qb3 Qxg2 33. Rd1
Qf3 34. Qxf3 exf3 35. Rf1 Rb8 36. Rxf3 Rb5 37. Rc3 Bb7 38. a4 Rb4 39. Nd3 Rb6
40. Rc7+ Kf6 41. a5 Rb5 42. c4 Be4 43. cxb5 Bxd3+ 44. Kc1 Bxb5 45. Rb7 Bf1 46.
b4 f4 47. Kd2 e5 48. b5 axb5 49. a6 Bg2 50. Rb8 Kf5 51. a7 b4 52. a8=Q Bxa8 53.
Rxa8 Kg4 54. Ke2 h5 55. Re8 Kf5 56. Rb8 h4 57. h3 e4 58. Rb5+ Kf6 59. Rxb4 Kf5
60. Rb5+ Kf6 61. Rh5 Kg6 62. Rxh4 1-0

[Event "Cracovia 2008 op A"]
[Site "Krakow"]
[Date "2008.12.31"]
[Round "6.46"]
[White "Deriabina, Svetlana"]
[Black "Machlowski, Slawomir"]
[Result "0-1"]
[WhiteElo "2066"]
[BlackElo "2154"]
[PlyCount "122"]
[EventDate "2008.??.??"]

1. d4 c5 2. d5 e6 3. c4 exd5 4. cxd5 d6 5. Nc3 Ne7 6. Nf3 Ng6 7. e4 Be7 8. Be2
O-O 9. O-O Na6 10. Nd2 Rb8 11. f4 Bf6 12. a4 Nb4 13. Nc4 a6 14. a5 Re8 15. Bf3
Qc7 16. g3 Bd7 17. Bd2 Bd4+ 18. Be3 Bxe3+ 19. Nxe3 Bb5 20. Be2 c4 21. Kg2 b6
22. axb6 Rxb6 23. Qd4 Rb7 24. h4 Nf8 25. h5 h6 26. Nf5 f6 27. Qd2 Nd3 28. b3
Nc5 29. bxc4 Bd7 30. Nd4 Nxe4 31. Nxe4 Rxe4 32. Rxa6 Qb8 33. Ra2 Qc8 34. Rh1
Qc5 35. Rd1 Rb4 36. Qd3 Re8 37. Rda1 Qc8 38. Ra7 Rb2 39. R1a2 Qb8 40. Ra8 Qxa8
41. Rxb2 Qa5 42. Bf3 Re1 43. Re2 Ra1 44. Nc6 Qb6 45. Nd4 Qa7 46. Rf2 Ra3 47.
Qd2 Qc5 48. Nc6 Qxc4 49. Re2 Rd3 50. Qa5 Qb3 51. Rf2 Bh3+ 52. Kxh3 Rxf3 53. Rg2
Rf1 54. Ne7+ Kh7 55. Qa2 Qf3 56. Qc2+ Kh8 57. Ng6+ Kg8 58. Nh4 Qxh5 59. Re2
Qxd5 60. Re7 Rh1+ 61. Kg4 h5# 0-1

[Event "Cracovia 2008 op A"]
[Site "Krakow"]
[Date "2008.12.31"]
[Round "6.47"]
[White "Markowski, Piotr"]
[Black "Andrzejewska, Anna"]
[Result "1-0"]
[WhiteElo "2145"]
[BlackElo "2030"]
[PlyCount "65"]
[EventDate "2008.??.??"]

1. e4 e5 2. Nf3 Nc6 3. d4 exd4 4. Bc4 Nf6 5. e5 d5 6. Bb5 Ne4 7. Nxd4 Bd7 8.
Nxc6 bxc6 9. Bd3 Nc5 10. O-O Nxd3 11. Qxd3 Qh4 12. Nd2 Bc5 13. c4 Qd4 14. Qc2
Be7 15. cxd5 cxd5 16. Qxc7 Rc8 17. Qb7 Qxe5 18. Qxa7 Bb5 19. Nf3 Qc7 20. Qxc7
Rxc7 21. Re1 O-O 22. Bf4 Rb7 23. Nd4 Bb4 24. Red1 Rd8 25. a3 Bc5 26. b4 Bxd4
27. Rxd4 Ba4 28. h3 Ra7 29. Rc1 Bb3 30. b5 Rxa3 31. b6 Ba2 32. b7 Rb3 33. Rc8
1-0

[Event "Cracovia 2008 op A"]
[Site "Krakow"]
[Date "2008.12.31"]
[Round "6.48"]
[White "Sroka, Janusz"]
[Black "Wisniowska, Klaudia"]
[Result "0-1"]
[WhiteElo "2129"]
[BlackElo "1988"]
[PlyCount "88"]
[EventDate "2008.??.??"]

1. e4 c5 2. g3 Nc6 3. Bg2 g6 4. d3 Bg7 5. f4 e6 6. Nf3 Nge7 7. O-O O-O 8. c3 d6
9. Be3 f5 10. Nbd2 Rb8 11. Qc2 b5 12. Rfe1 b4 13. Bf2 bxc3 14. bxc3 Qa5 15.
Rac1 Ba6 16. Ng5 Qa3 17. Nb1 Qb2 18. Qd1 Qxa2 19. Rc2 Qxb1 20. Qxb1 Rxb1 21.
Rxb1 Bxd3 22. Rbb2 Bxc2 23. Rxc2 Nd8 24. e5 dxe5 25. Bxc5 Bf6 26. Bxa7 exf4 27.
gxf4 h6 28. Nh3 g5 29. Bc5 Re8 30. Bf1 Nb7 31. Bb5 Rd8 32. Bb6 Rd1+ 33. Kf2 g4
34. Ng1 Nd5 35. Bd4 Bh4+ 36. Ke2 Re1+ 37. Kd2 Nd6 38. Rb2 Nxf4 39. Ba6 e5 40.
Ba7 Kf7 41. Rb6 Ne4+ 42. Kc2 Bf2 43. Bc4+ Kg7 44. Rb7+ Kg6 0-1

[Event "Cracovia 2008 op A"]
[Site "Krakow"]
[Date "2008.12.31"]
[Round "6.49"]
[White "Gawronski, Lukasz"]
[Black "Swiech, Przemyslaw"]
[Result "1/2-1/2"]
[WhiteElo "2066"]
[BlackElo "2119"]
[PlyCount "56"]
[EventDate "2008.??.??"]

1. d4 Nf6 2. Bg5 e6 3. e3 c5 4. c3 Nc6 5. Bd3 cxd4 6. exd4 Be7 7. Nf3 h6 8. Bh4
b6 9. Nbd2 Bb7 10. Qe2 Nd5 11. Bg3 O-O 12. h4 d6 13. O-O-O a6 14. Kb1 b5 15.
Bc2 Rc8 16. Qe4 Nf6 17. Qd3 Na5 18. h5 d5 19. Bh4 Ne4 20. Bxe7 Qxe7 21. Ne5 Nc4
22. Nb3 Na3+ 23. bxa3 Rxc3 24. Qf1 Qxa3 25. Bxe4 Rxb3+ 26. axb3 Qxb3+ 27. Ka1
Qa3+ 28. Kb1 Qb3+ 1/2-1/2

[Event "Cracovia 2008 op A"]
[Site "Krakow"]
[Date "2008.12.31"]
[Round "6.50"]
[White "Wierzbicka, Wiktoria"]
[Black "Kucypera, Malgorzata"]
[Result "1/2-1/2"]
[WhiteElo "2056"]
[BlackElo "2111"]
[PlyCount "79"]
[EventDate "2008.??.??"]

1. e4 c5 2. Nf3 Nc6 3. d4 cxd4 4. Nxd4 Nf6 5. Nc3 d6 6. Bg5 Qb6 7. Nb3 e6 8.
Be2 Be7 9. Be3 Qd8 10. O-O O-O 11. f4 a6 12. Bf3 Qc7 13. a4 b6 14. Qe1 Rb8 15.
Qg3 Kh8 16. Rad1 Nb4 17. Rd2 e5 18. f5 d5 19. Bg5 d4 20. Ne2 Bb7 21. Bxf6 Bxf6
22. Nexd4 Qe7 23. c3 exd4 24. cxb4 Be5 25. Qg4 Qxb4 26. Bd1 Rbd8 27. Rd3 Rd6
28. Nd2 a5 29. Nf3 Qc5 30. Rf2 Rh6 31. Nxe5 Qxe5 32. Qf4 Qxe4 33. Qxe4 Bxe4 34.
Rxd4 Bc6 35. Bf3 Re8 36. Bxc6 Rxc6 37. Rfd2 Kg8 38. Rd6 Rc4 39. b3 Rb4 40. R2d3
1/2-1/2

[Event "Cracovia 2008 op A"]
[Site "Krakow"]
[Date "2008.12.31"]
[Round "6.51"]
[White "Kumor, Lukasz"]
[Black "Turcheniac, Mariya"]
[Result "1/2-1/2"]
[WhiteElo "2105"]
[BlackElo "1979"]
[PlyCount "39"]
[EventDate "2008.??.??"]

1. e4 c5 2. Nf3 Nc6 3. d4 cxd4 4. Nxd4 e5 5. Nb5 a6 6. Nd6+ Bxd6 7. Qxd6 Qf6 8.
Qxf6 Nxf6 9. f3 d5 10. exd5 Nxd5 11. Na3 Bf5 12. c3 b5 13. Bd2 O-O 14. Be2 Rfd8
15. Kf2 Rd7 16. Rad1 Rad8 17. Bc1 b4 18. cxb4 Ndxb4 19. Rxd7 Rxd7 20. Be3
1/2-1/2

[Event "Cracovia 2008 op A"]
[Site "Krakow"]
[Date "2008.12.31"]
[Round "6.52"]
[White "Siwiec, Arkadiusz"]
[Black "Starczewska, Dominika"]
[Result "0-1"]
[WhiteElo "2095"]
[BlackElo "1842"]
[PlyCount "56"]
[EventDate "2008.??.??"]

1. e4 c5 2. Nf3 Nc6 3. d4 cxd4 4. Nxd4 Nf6 5. Nc3 e5 6. Ndb5 d6 7. Bg5 a6 8.
Na3 b5 9. Nd5 Be7 10. Bxf6 Bxf6 11. c3 Bg5 12. Nc2 O-O 13. a4 bxa4 14. Rxa4 a5
15. Bc4 Kh8 16. b4 f5 17. b5 Ne7 18. h4 Bh6 19. Nxe7 Qxe7 20. Bd5 Rb8 21. c4
fxe4 22. Rxa5 Qf6 23. O-O Qxh4 24. Qe2 Bf4 25. g3 Bxg3 26. fxg3 Qxg3+ 27. Qg2
Rxf1+ 28. Kxf1 Bh3 0-1

[Event "Cracovia 2008 op A"]
[Site "Krakow"]
[Date "2008.12.31"]
[Round "6.53"]
[White "Pietrzak, Wojciech"]
[Black "Demidowicz, Maria"]
[Result "0-1"]
[WhiteElo "1912"]
[BlackElo "2093"]
[PlyCount "58"]
[EventDate "2008.??.??"]

1. e4 c5 2. c3 d5 3. exd5 Qxd5 4. d4 Nf6 5. Nf3 e6 6. Be3 cxd4 7. cxd4 Be7 8.
Nc3 Qd8 9. Bd3 O-O 10. O-O b6 11. Qe2 Bb7 12. Rac1 Nc6 13. Rfd1 Nb4 14. Bb1 Rc8
15. Bg5 h6 16. Bxf6 Bxf6 17. Ne5 Bg5 18. a3 Nd5 19. Nxd5 Qxd5 20. f4 Rxc1 21.
Rxc1 Qxd4+ 22. Kh1 Bxf4 23. Rc7 Bxe5 24. Rxb7 Qf4 25. g3 Qc1+ 26. Kg2 Bd4 27.
Qc2 Qg1+ 28. Kh3 Qf1+ 29. Qg2 Qxb1 0-1

[Event "Cracovia 2008 op A"]
[Site "Krakow"]
[Date "2008.12.31"]
[Round "6.54"]
[White "Goslawski, Michal"]
[Black "Hansen, Knut"]
[Result "1-0"]
[WhiteElo "1902"]
[BlackElo "2076"]
[PlyCount "101"]
[EventDate "2008.??.??"]

1. d4 d5 2. Nf3 Nf6 3. c4 c6 4. g3 dxc4 5. Bg2 e6 6. O-O Nbd7 7. Nc3 Bb4 8. a4
O-O 9. Qc2 c5 10. Rd1 cxd4 11. Nxd4 a6 12. Na2 Be7 13. Qxc4 Qa5 14. Nb3 Qh5 15.
Bf3 Qh3 16. Bg2 Qh5 17. Nc3 Ng4 18. h3 Nge5 19. Qc7 Bd8 20. Qd6 h6 21. a5 Ng6
22. Be3 Be7 23. Qd2 Nde5 24. Ra4 f5 25. f4 Nc6 26. Kh2 Nh8 27. Nd4 Nxd4 28.
Bxd4 Nf7 29. Bf3 Qg6 30. Qe3 Rd8 31. Bb6 Rxd1 32. Nxd1 Nd8 33. Rc4 Qe8 34. Nf2
Bf6 35. Nd3 Nc6 36. Bxc6 bxc6 37. Bd4 Rb8 38. b4 Kf7 39. Nc5 Be7 40. Qc3 Bxc5
41. Rxc5 g5 42. Rxc6 Bd7 43. Rxa6 Rc8 44. Qe3 Kg6 45. Rd6 Rc6 46. Rxc6 Bxc6 47.
Qe5 Qe7 48. a6 Ba8 49. Qg7+ Qxg7 50. Bxg7 Kxg7 51. b5 1-0

[Event "Cracovia 2008 op A"]
[Site "Krakow"]
[Date "2008.12.31"]
[Round "6.55"]
[White "Englert, Jan"]
[Black "Zakoscielna, Kinga"]
[Result "1/2-1/2"]
[WhiteElo "2162"]
[BlackElo "2147"]
[PlyCount "26"]
[EventDate "2008.??.??"]

1. d4 Nf6 2. Nc3 d5 3. Bg5 e6 4. Nf3 Be7 5. Bxf6 Bxf6 6. e4 dxe4 7. Nxe4 O-O 8.
c3 b6 9. Bd3 Bb7 10. Qc2 h6 11. Nxf6+ Qxf6 12. Be4 Bxe4 13. Qxe4 Nd7 1/2-1/2

[Event "Cracovia 2008 op A"]
[Site "Krakow"]
[Date "2008.12.31"]
[Round "6.56"]
[White "Chrzaszcz, Malvina"]
[Black "Motor, Marta"]
[Result "1-0"]
[WhiteElo "2010"]
[BlackElo "2065"]
[PlyCount "43"]
[EventDate "2008.??.??"]

1. e4 c5 2. Nf3 d6 3. d4 cxd4 4. Nxd4 Nf6 5. Nc3 a6 6. Be2 e6 7. O-O Be7 8. f4
O-O 9. Kh1 Qc7 10. Be3 b5 11. Bf3 Bb7 12. e5 dxe5 13. fxe5 Nfd7 14. Bxb7 Qxb7
15. Bf4 Nb6 16. Qg4 Kh8 17. Rf3 N8d7 18. Rh3 g6 19. Nxe6 fxe6 20. Qxg6 Nf6 21.
exf6 Bxf6 22. Ne4 1-0

[Event "Cracovia 2008 op A"]
[Site "Krakow"]
[Date "2008.12.31"]
[Round "6.57"]
[White "Golek, Jagoda"]
[Black "Sliwerski, Radoslaw"]
[Result "1-0"]
[WhiteElo "2028"]
[BlackElo "2120"]
[PlyCount "73"]
[EventDate "2008.??.??"]

1. e4 c5 2. Nf3 d6 3. c4 Bg4 4. Be2 Nc6 5. d3 g6 6. O-O Bg7 7. Nc3 e5 8. Nd5 h6
9. Rb1 Nge7 10. Ne1 Bxe2 11. Qxe2 O-O 12. Nc2 a5 13. f4 f5 14. Be3 Kh7 15. Na3
Nxd5 16. exd5 exf4 17. Bxf4 Nd4 18. Qd1 Re8 19. Re1 Qd7 20. Qd2 b6 21. Kh1 g5
22. Be3 Be5 23. Bxd4 Bxd4 24. Nb5 Be5 25. Nc3 Re7 26. Ne2 Rae8 27. b3 Kg6 28.
Rbd1 Bf6 29. Ng3 Bd4 30. Rxe7 Qxe7 31. Rf1 Qe3 32. Qd1 f4 33. Qh5+ Kh7 34. Nf5
Qe2 35. Qxh6+ Kg8 36. Qxg5+ Kh7 37. Qxf4 1-0

[Event "Cracovia 2008 op A"]
[Site "Krakow"]
[Date "2008.12.31"]
[Round "6.58"]
[White "Pipala, Janusz"]
[Black "Gluszko, Monika"]
[Result "0-1"]
[WhiteElo "2086"]
[BlackElo "1901"]
[PlyCount "78"]
[EventDate "2008.??.??"]

1. d4 Nf6 2. c4 g6 3. g3 Bg7 4. Bg2 d5 5. cxd5 Nxd5 6. e4 Nb6 7. Ne2 Nc6 8. d5
Ne5 9. h3 O-O 10. Nbc3 f5 11. f4 Nec4 12. e5 e6 13. b3 Na5 14. Ba3 exd5 15.
Bxf8 Qxf8 16. Nxd5 Be6 17. Nxb6 Qb4+ 18. Qd2 Qxb6 19. Rd1 c6 20. Qd4 Qb5 21.
Nc3 Qa6 22. Rd3 Bf8 23. Na4 c5 24. Qe3 c4 25. Rd6 Bxd6 26. exd6 Qxd6 27. Nc5
Re8 28. O-O Bf7 29. Qf2 b6 30. b4 Nc6 31. b5 Na5 32. Nb7 Nxb7 33. Bxb7 Qd3 34.
Bf3 c3 35. a4 c2 36. g4 fxg4 37. hxg4 Bc4 38. Re1 Rxe1+ 39. Qxe1 Qf1+ 0-1

[Event "Cracovia 2008 op A"]
[Site "Krakow"]
[Date "2008.12.31"]
[Round "6.59"]
[White "Iwanow, Anna"]
[Black "Ogonowska, Katarzyna"]
[Result "1-0"]
[WhiteElo "1961"]
[BlackElo "1880"]
[PlyCount "65"]
[EventDate "2008.??.??"]

1. e4 c5 2. Nf3 d6 3. d4 cxd4 4. Nxd4 Nf6 5. Nc3 g6 6. Be3 Bg7 7. f3 a6 8. Qd2
h5 9. O-O-O Nbd7 10. Kb1 b5 11. Bd3 Bb7 12. h4 Rc8 13. Bg5 Nb6 14. Qe1 Nh7 15.
Be3 Nc4 16. Bxc4 Rxc4 17. g4 hxg4 18. h5 g5 19. fxg4 Be5 20. Qd2 e6 21. Rhf1
Qc7 22. Qd3 Nf6 23. Rxf6 Bxf6 24. Ncxb5 axb5 25. Nxb5 Qc6 26. Nxd6+ Qxd6 27.
Qxd6 Bxe4 28. Qb8+ Ke7 29. Bc5+ Rxc5 30. Qd6+ Ke8 31. Qxc5 Bd5 32. c4 Be4+ 33.
Ka1 1-0

[Event "Cracovia 2008 op A"]
[Site "Krakow"]
[Date "2009.01.02"]
[Round "7.1"]
[White "Swiercz, Dariusz"]
[Black "Piorun, Kacper"]
[Result "1/2-1/2"]
[WhiteElo "2478"]
[BlackElo "2472"]
[PlyCount "54"]
[EventDate "2008.??.??"]

1. e4 e6 2. d4 d5 3. Nd2 Be7 4. Ngf3 Nf6 5. Bd3 c5 6. dxc5 O-O 7. Qe2 a5 8. e5
Nfd7 9. Nb3 Na6 10. O-O Naxc5 11. Nbd4 Nxd3 12. cxd3 Nc5 13. Be3 Qd7 14. Bg5
Bxg5 15. Nxg5 b6 16. b3 Ba6 17. Rad1 Rac8 18. Qe3 h6 19. Nh3 Qe7 20. f4 f5 21.
exf6 Qxf6 22. g3 Rce8 23. Rfe1 Nd7 24. Nf2 h5 25. Nf3 e5 26. Nxe5 Nxe5 27. fxe5
Rxe5 1/2-1/2

[Event "Cracovia 2008 op A"]
[Site "Krakow"]
[Date "2009.01.02"]
[Round "7.2"]
[White "Gajewski, Grzegorz"]
[Black "Nurkiewicz, Maciej"]
[Result "1-0"]
[WhiteElo "2577"]
[BlackElo "2379"]
[PlyCount "47"]
[EventDate "2008.??.??"]

1. d4 Nf6 2. c4 e6 3. Nc3 d5 4. Bg5 Be7 5. e3 O-O 6. Rc1 Nbd7 7. Nf3 c6 8. a3
dxc4 9. Bxc4 Nd5 10. Bxe7 Qxe7 11. O-O Nxc3 12. Rxc3 c5 13. Bb5 cxd4 14. Qxd4
Nf6 15. Rfc1 Nd5 16. R3c2 a6 17. Bf1 Rd8 18. e4 Nf6 19. Qb6 Nxe4 20. Ne5 f6 21.
Rc7 Qd6 22. Nc4 Qf4 23. Na5 e5 24. Rxc8 1-0

[Event "Cracovia 2008 op A"]
[Site "Krakow"]
[Date "2009.01.02"]
[Round "7.3"]
[White "Hnydiuk, Aleksander"]
[Black "Sharapov, Evgeny"]
[Result "1/2-1/2"]
[WhiteElo "2403"]
[BlackElo "2427"]
[PlyCount "40"]
[EventDate "2008.??.??"]

1. e4 c5 2. Nf3 d6 3. c3 Nf6 4. Be2 Bd7 5. Qc2 Qc7 6. O-O g6 7. d4 cxd4 8. Nxd4
Nc6 9. Be3 Bg7 10. c4 Nxd4 11. Bxd4 e5 12. Bc3 O-O 13. Bb4 a5 14. Bd2 d5 15.
exd5 Nxd5 16. Nc3 Nxc3 17. Bxc3 Be6 18. Rfd1 Rfc8 19. Qa4 Bxc4 20. Rd7 Qc6
1/2-1/2

[Event "Cracovia 2008 op A"]
[Site "Krakow"]
[Date "2009.01.02"]
[Round "7.4"]
[White "Motyka, Michal"]
[Black "Shishkin, Vadim"]
[Result "0-1"]
[WhiteElo "2359"]
[BlackElo "2502"]
[PlyCount "124"]
[EventDate "2008.??.??"]

1. e4 c5 2. Nf3 Nc6 3. Bb5 g6 4. O-O Bg7 5. c3 Nf6 6. Re1 O-O 7. d4 d5 8. e5
Ne4 9. Nbd2 cxd4 10. cxd4 Qb6 11. Bxc6 Qxc6 12. Nxe4 dxe4 13. Ng5 Rd8 14. Qb3
Qd5 15. Qxd5 Rxd5 16. Be3 Bf5 17. g4 Bxg4 18. Nxe4 f6 19. f4 fxe5 20. fxe5 Bf5
21. Ng3 Be6 22. Rac1 Kf8 23. Rc7 Rd7 24. Rc3 Rdd8 25. Ne4 Rac8 26. Nc5 Bd5 27.
Rf1+ Ke8 28. e6 Bf6 29. Nd7 Rxc3 30. bxc3 Bxe6 31. Nxf6+ exf6 32. a3 Kf7 33.
Rb1 b6 34. a4 Bc4 35. a5 b5 36. Re1 a6 37. Bc1 b4 38. cxb4 Rxd4 39. Be3 Rg4+
40. Kf2 Bd5 41. Bc5 Rf4+ 42. Kg3 g5 43. Re7+ Kg6 44. Rd7 Rf3+ 45. Kg2 Rf5+ 46.
Kg1 h5 47. Rd6 Bc4 48. h4 g4 49. Bd4 Bb5 50. Rd8 Rf1+ 51. Kg2 Rf4 52. Rd6 Rf3
53. Re6 Kf7 54. Rd6 f5 55. Be5 Ke7 56. Rd4 Bc6 57. Kg1 Be4 58. Rd6 Rb3 59. Kf2
g3+ 60. Bxg3 Rf3+ 61. Ke2 Rxg3 62. Rxa6 Bd3+ 0-1

[Event "Cracovia 2008 op A"]
[Site "Krakow"]
[Date "2009.01.02"]
[Round "7.5"]
[White "Bulski, Krzysztof"]
[Black "Malaniuk, Vladimir P"]
[Result "1/2-1/2"]
[WhiteElo "2392"]
[BlackElo "2534"]
[PlyCount "123"]
[EventDate "2008.??.??"]

1. e4 e5 2. Nf3 Nc6 3. Bb5 a6 4. Ba4 Nf6 5. O-O Be7 6. Re1 b5 7. Bb3 d6 8. c3
O-O 9. d4 Bg4 10. Be3 exd4 11. cxd4 Na5 12. Bc2 Nc4 13. Bc1 c5 14. b3 Nb6 15.
Nbd2 cxd4 16. h3 Bh5 17. g4 Bg6 18. Nxd4 Rc8 19. f4 Qc7 20. Nf1 Qc3 21. Be3
Bxe4 22. Bxe4 Nxe4 23. Nf5 Bd8 24. Bd4 Qc6 25. Bxg7 Re8 26. Bd4 Nd5 27. Qf3
Ndc3 28. Qd3 Bb6 29. Re3 Bxd4 30. Qxd4 f6 31. Nd2 Qc5 32. Qxc5 Rxc5 33. Rae1 d5
34. Ng3 Kf7 35. Ndxe4 Nxe4 36. Nxe4 Rxe4 37. Rxe4 dxe4 38. Rxe4 Rc2 39. a4 bxa4
40. Rxa4 Rc3 41. Kg2 Rxb3 42. Rxa6 Rc3 43. Ra7+ Kg8 44. Re7 Ra3 45. h4 h6 46.
h5 Rb3 47. Kf2 Ra3 48. Re3 Ra7 49. Kf3 Kf7 50. Rd3 Re7 51. Rd4 Re1 52. Rd7+ Kg8
53. Rc7 Re8 54. Rb7 Re6 55. Rb5 Re8 56. Rf5 Kg7 57. Rd5 Re7 58. Rd4 Kf7 59. Re4
Ra7 60. Re3 Ra8 61. Ke4 Ra4+ 62. Kf3 1/2-1/2

[Event "Cracovia 2008 op A"]
[Site "Krakow"]
[Date "2009.01.02"]
[Round "7.6"]
[White "Aliavdin, Nikolai"]
[Black "Kanarek, Marcel"]
[Result "1-0"]
[WhiteElo "2343"]
[BlackElo "2458"]
[PlyCount "79"]
[EventDate "2008.??.??"]

1. e4 c5 2. Nf3 Nc6 3. d4 cxd4 4. Nxd4 e5 5. Nb5 d6 6. a4 Be7 7. N1c3 a6 8. Na3
Be6 9. Bc4 Nf6 10. Bg5 Nxe4 11. Nxe4 d5 12. Bxe7 Kxe7 13. Qh5 dxc4 14. O-O f6
15. Rae1 Qb6 16. Kh1 g5 17. Nxg5 fxg5 18. Qxg5+ Kd6 19. Rd1+ Kc7 20. Qg7+ Kb8
21. Qxh8+ Ka7 22. Qf6 Bg8 23. Rd7 Re8 24. c3 e4 25. Nc2 Ne5 26. Qxb6+ Kxb6 27.
Rd4 Nd3 28. Ne3 Kc5 29. Ng4 Re6 30. Rd8 Rg6 31. Rc8+ Kd6 32. Ne3 Be6 33. Rb8
Kc7 34. Rh8 h6 35. Rh7+ Kc6 36. Nc2 b5 37. Nd4+ Kb6 38. a5+ Kxa5 39. Rb7 Nxb2
40. Ra1+ 1-0

[Event "Cracovia 2008 op A"]
[Site "Krakow"]
[Date "2009.01.02"]
[Round "7.7"]
[White "Kalvaitis, Sigitas"]
[Black "Brodowski, Piotr"]
[Result "1-0"]
[WhiteElo "2230"]
[BlackElo "2401"]
[PlyCount "51"]
[EventDate "2008.??.??"]

1. e4 c5 2. Nf3 g6 3. d4 Bg7 4. dxc5 Qa5+ 5. c3 Qxc5 6. Be3 Qc7 7. Bd3 Nc6 8.
Na3 Nf6 9. Nb5 Qb8 10. Qd2 O-O 11. O-O Ng4 12. Bf4 e5 13. Bg3 d6 14. Bc4 Rd8
15. Ng5 Nh6 16. f4 a6 17. Nxf7 Nxf7 18. Bxf7+ Kxf7 19. Qd5+ Be6 20. fxe5+ Ke7
21. exd6+ Kd7 22. Rf7+ Bxf7 23. Qxf7+ Kc8 24. d7+ Rxd7 25. Qg8+ Nd8 26. Bxb8
1-0

[Event "Cracovia 2008 op A"]
[Site "Krakow"]
[Date "2009.01.02"]
[Round "7.8"]
[White "Bobula, Mateusz"]
[Black "Klekowski, Maciej"]
[Result "1/2-1/2"]
[WhiteElo "2395"]
[BlackElo "2201"]
[PlyCount "46"]
[EventDate "2008.??.??"]

1. d4 d5 2. c4 e6 3. Nc3 Nf6 4. Bg5 Be7 5. e3 O-O 6. Nf3 Nbd7 7. Rc1 c6 8. Bd3
dxc4 9. Bxc4 b5 10. Bd3 h6 11. Bh4 a6 12. a4 Bb7 13. O-O Rc8 14. Bg3 Qb6 15.
Qe2 Rfd8 16. Nd2 g6 17. Nce4 c5 18. dxc5 Nxc5 19. Nxc5 Rxc5 20. axb5 axb5 21.
Rxc5 Qxc5 22. Nf3 b4 23. e4 Nh5 1/2-1/2